000 00581nam a22001577a 4500
005 20251108174749.0
008 250721s2004 xx 000 0 ara d
082 1 4 _aم/338.9/لجن
245 1 0 _aاسكوا : التقرير السنوي 2003 /
264 1 _aبيروت :
_bاللجنة الاقتصادية و الاجتماعية لغربي آسيا ( اسكوا )،
_c2004.
300 _a88 ص.
650 1 7 _aالتنميه الاقتصاديه
650 1 7 _aاللجنه الاجتماعيه االاتصاديه لغرب اسيا
942 _2ddc
_cREF
999 _c117432
_d117432